000
00301 a2200133 4500
001
194960
040
_c
Magnum
100
_a
Sousa, Maurício de
240
1
0
_a
Almanaque Piteco e Horário
_l
por
245
1
0
_a
Almanaque Piteco e Horário
300
_a
76
697
_a
LITERATURA INFANTO
942
_c
BK
999
_c
194960
_d
194960